La palabra maldita

Gespeichert in:
Bibliographische Detailangaben
Format: Buch
Sprache:Spanisch
Veröffentlicht: s.l s.n 1914
Schlagworte:
Tags: Tag hinzufügen
Keine Tags, Fügen Sie den ersten Tag hinzu!

MARC

LEADER 00000nam a2200000 a 4500
001 UCK6611
003 CL-VaPUC
008 051007e19140000cl |||||||||||||||||spa|d
082 0 4 |a Ch861  |b MIS  |2 21 
245 1 3 |a La palabra maldita 
300 |a 4 p 
942 |c BK 
945 |d 20051007 00:00:00  |a castudil 
260 |a s.l  |b s.n  |c 1914 
650 0 |a Prosa chilena   |9 267787 
650 0 |a Literatura chilena   |9 308278 
650 0 |a Feminismo  |9 259085 
583 |a last modification  |c 20180109 02:42:14  |k Rodrigo Vera 
999 |c 314884  |d 314882 
952 |0 0  |1 0  |4 0  |6 CH_861_000000000000000_MIS_1914  |7 0  |8 X  |9 387671  |a FDOMLP  |b FDOMLP  |d 2019-11-22  |i 4110919  |o Ch861 MIS 1914  |p 4110919  |r 2019-11-22  |w 2019-11-22  |y BK_X  |k BU2